[Event "SVK-ch U14"]
[Site "Tatralandia"]
[Date "2024.04.09"]
[Round "6"]
[White "Papay, Aurel"]
[Black "Zaborsky, Richard"]
[Result "1-0"]
[WhiteElo "1588"]
[BlackElo "1000"]
[PlyCount "91"]
[EventDate "2024.04.05"]
[EventType "swiss"]
[EventRounds "9"]
[EventCountry "SVK"]
[SourceTitle "CB16_2024"]
[SourceDate "2024.04.17"]
[SourceVersion "1"]
[SourceVersionDate "2024.04.17"]
[SourceQuality "1"]

1. e4 c6 2. d4 d5 3. Nc3 dxe4 4. Nxe4 Bf5 5. Ng3 Bg6 6. h4 h6 7. Nf3 Nd7 8. h5 Bh7 9. Bd3 Bxd3 10. Qxd3 e6 11. Ne5 Nxe5 12. dxe5 Qxd3 13. cxd3 0-0-0 14. Ke2 Bc5 15. Rd1 Ne7 16. Ne4 Rd5 17. Bf4 Nf5 18. Nxc5 Nd4+ 19. Kd2 Rxc5 20. Be3 Rd8 21. Bxd4 Rxd4 22. Ke3 Rdd5 23. f4 Rc2 24. Rd2 Rdc5 25. Rad1 f6 26. Rxc2 Rxc2 27. Rd2 Rc5 28. d4 Rd5 29. b4 Kc7 30. Rc2 Kb6 31. a3 Kb5 32. Kd3 Ka4 33. Rc3 Kb5 34. Ke4 a5 35. bxa5 Kxa5 36. Ke3 Ka4 37. Rd3 Rb5 38. Ke2 Rb3 39. Rd2 Kxa3 40. Kd1 Rb1+ 41. Ke2 Rb2 42. Rxb2 Kxb2 43. f5 b5 44. fxe6 b4 45. e7 b3 46. e8Q 1-0

[Event "SVK-ch U14"]
[Site "Tatralandia"]
[Date "2024.04.05"]
[Round "1"]
[White "Papay, Aurel"]
[Black "Sykora, Miro"]
[Result "1-0"]
[WhiteElo "1588"]
[BlackElo "1000"]
[PlyCount "139"]
[EventDate "2024.04.05"]
[EventType "swiss"]
[EventRounds "9"]
[EventCountry "SVK"]
[SourceTitle "CB16_2024"]
[SourceDate "2024.04.17"]
[SourceVersion "1"]
[SourceVersionDate "2024.04.17"]
[SourceQuality "1"]

1. e4 c6 2. d4 d5 3. exd5 cxd5 4. Bd3 Nc6 5. c3 Nf6 6. Bf4 e6 7. Nf3 Bd6 8. Bxd6 Qxd6 9. 0-0 0-0 10. Nbd2 Re8 11. Re1 e5 12. dxe5 Nxe5 13. Nxe5 Rxe5 14. Rxe5 Qxe5 15. Nf3 Qd6 16. h3 Bd7 17. Qd2 Re8 18. Re1 Rxe1+ 19. Qxe1 a6 20. Qe5 Qxe5 21. Nxe5 Be6 22. c4 Kf8 23. cxd5 Bxd5 24. Bc4 Ke7 25. Bxd5 Nxd5 26. Nd3 Kd6 27. Kf1 b5 28. Ke2 a5 29. a3 Nb6 30. Kd2 Kd5 31. Kc2 Kd4 32. b3 Nd5 33. a4 b4 34. Ne1 Ke4 35. Nf3 h6 36. Nd2+ Kd4 37. g3 f5 38. Nc4 g5 39. Nxa5 Ke4 40. Kd2 h5 41. Nc4 h4 42. gxh4 gxh4 43. a5 Nc7 44. Ke2 f4 45. f3+ Kd4 46. Kd2 Na6 47. Nd6 Nc5 48. Nf5+ Ke5 49. a6 Nxa6 50. Nxh4 Nc5 51. Kc2 Kd4 52. Ng2 Ke5 53. h4 Kf5 54. h5 Kg5 55. h6 Kxh6 56. Nxf4 Kg5 57. Nd5 Na6 58. Kd3 Nc5+ 59. Kc4 Nxb3 60. Kxb3 Kf5 61. Kxb4 Ke5 62. Kc4 Kf5 63. Kd4 Ke6 64. Ke4 Kf7 65. Kf5 Kg7 66. Nc3 Kf7 67. f4 Ke7 68. Kg6 Ke6 69. f5+ Ke7 70. Kg7 1-0

[Event "SVK-ch Amateurs"]
[Site "Liptovsky Jan"]
[Date "2023.06.18"]
[Round "8"]
[White "Papay, Aurel"]
[Black "Zentko, Ladislav"]
[Result "0-1"]
[WhiteElo "1239"]
[BlackElo "1653"]
[PlyCount "114"]
[EventDate "2023.06.15"]
[EventType "swiss"]
[EventRounds "8"]
[EventCountry "SVK"]
[SourceTitle "CBM 214 Extra"]
[Source "ChessBase"]
[SourceDate "2023.07.31"]
[SourceVersion "1"]
[SourceVersionDate "2023.07.31"]
[SourceQuality "1"]

1. e4 e5 2. Nf3 Nc6 3. Bb5 a6 4. Bxc6 dxc6 5. 0-0 Bd6 6. d4 exd4 7. Nxd4 Ne7 8. Re1 f6 9. Nd2 0-0 10. N2b3 c5 11. Nf3 Ng6 12. Qd5+ Kh8 13. Nxc5 c6 14. Qd4 Qc7 15. Qc3 Ne5 16. Nxe5 Bxe5 17. Qf3 b6 18. Nd3 Bd6 19. Bf4 Bb7 20. Bxd6 Qxd6 21. Rad1 Qc7 22. Nf4 Qe7 23. Qh3 Qe8 24. Ne6 Bc8 25. Nc7 Qe7 26. Qg3 Ra7 27. e5 Qxc7 28. e6 Qxg3 29. fxg3 Re7 30. Rd6 Rfe8 31. Rxc6 b5 32. Re3 Kg8 33. Kf2 g6 34. g4 Kg7 35. h4 Bb7 36. Rd6 Rc8 37. c3 f5 38. g5 Rc6 39. Rd7 Kf8 40. Rd8+ Re8 41. Rd7 Bc8 42. Rf7+ Kg8 43. Rf6 Rcxe6 44. Rfxe6 Rxe6 45. Rd3 Bb7 46. g3 Be4 47. Rd2 Re7 48. Rd6 Bb7 49. a3 Kf7 50. Rd4 Ke6 51. Rd2 Rd7 52. Rxd7 Kxd7 53. Ke3 Kd6 54. Kd4 Be4 55. b3 Bc2 56. b4 Bb3 57. Ke3 Kd5 0-1

[Event "SVK-ch Amateurs"]
[Site "Liptovsky Jan"]
[Date "2023.06.16"]
[Round "4"]
[White "Papay, Aurel"]
[Black "Prochazka, Martin"]
[Result "1-0"]
[WhiteElo "1239"]
[BlackElo "1166"]
[PlyCount "41"]
[EventDate "2023.06.15"]
[EventType "swiss"]
[EventRounds "8"]
[EventCountry "SVK"]
[SourceTitle "CBM 214 Extra"]
[Source "ChessBase"]
[SourceDate "2023.07.31"]
[SourceVersion "1"]
[SourceVersionDate "2023.07.31"]
[SourceQuality "1"]

1. e4 e5 2. Nf3 Nc6 3. Bb5 a6 4. Bxc6 dxc6 5. 0-0 Bd6 6. d4 f6 7. dxe5 Bxe5 8. Qxd8+ Kxd8 9. Nxe5 fxe5 10. Nd2 Be6 11. Nf3 Nf6 12. Re1 Re8 13. Bg5 h6 14. Bxf6+ gxf6 15. Rad1+ Kc8 16. a3 Bg4 17. Re3 Kb8 18. h3 Ka7 19. hxg4 b5 20. Rd7 Rac8 21. Red3 1-0

[Event "SVK-ch Amateurs"]
[Site "Liptovsky Jan"]
[Date "2023.06.15"]
[Round "1"]
[White "Badinka, Adam"]
[Black "Papay, Aurel"]
[Result "1-0"]
[WhiteElo "1834"]
[BlackElo "1239"]
[PlyCount "43"]
[EventDate "2023.06.15"]
[EventType "swiss"]
[EventRounds "8"]
[EventCountry "SVK"]
[SourceTitle "CBM 214 Extra"]
[Source "ChessBase"]
[SourceDate "2023.07.31"]
[SourceVersion "1"]
[SourceVersionDate "2023.07.31"]
[SourceQuality "1"]

1. e4 e6 2. d4 d5 3. Nc3 Bb4 4. e5 c5 5. a3 Bxc3+ 6. bxc3 cxd4 7. cxd4 Nc6 8. Qg4 Nge7 9. c3 0-0 10. Bd3 Nf5 11. Nf3 Qc7 12. 0-0 Ncxd4 13. cxd4 Qc3 14. Bxf5 exf5 15. Qg3 g6 16. Bh6 Re8 17. Qg5 Qc6 18. Rac1 Qe6 19. Rc7 b6 20. Rfc1 Bd7 21. Rxd7 Qxd7 22. Qf6 1-0

[Event "SVK-ch U14"]
[Site "Dudince"]
[Date "2023.04.19"]
[Round "5"]
[White "Carnecky, Viliam"]
[Black "Papay, Aurel"]
[Result "1/2-1/2"]
[WhiteElo "1456"]
[BlackElo "1286"]
[PlyCount "63"]
[EventDate "2023.04.16"]
[EventType "swiss"]
[EventRounds "9"]
[EventCountry "SVK"]
[SourceTitle "CBM 213 Extra"]
[Source "ChessBase"]
[SourceDate "2023.05.31"]
[SourceVersion "1"]
[SourceVersionDate "2023.05.31"]
[SourceQuality "1"]

1. e4 e6 2. d4 d5 3. e5 c5 4. c3 Nc6 5. Nf3 Qb6 6. Be2 cxd4 7. cxd4 Nh6 8. Bxh6 Qxb2 9. Nbd2 gxh6 10. 0-0 Nxd4 11. Nxd4 Qxd4 12. Bb5+ Kd8 13. Qf3 Qxe5 14. Qxf7 Be7 15. Rad1 Qf6 16. Qh5 Rf8 17. Qe2 Bd6 18. Ne4 Qe5 19. Ng3 Qxe2 20. Nxe2 Bd7 21. Bd3 Rf7 22. Nd4 Bc5 23. Nf3 Bd6 24. Rfe1 Bb4 25. Ne5 Rg7 26. Re2 Ke7 27. Nxd7 Kxd7 28. Rb2 Bd6 29. Rxb7+ Bc7 30. Rc1 Kd8 31. Rb3 Be5 32. Re1 1/2-1/2

[Event "SVK-ch U14"]
[Site "Dudince"]
[Date "2023.04.17"]
[Round "2"]
[White "Fitak, Denis"]
[Black "Papay, Aurel"]
[Result "1/2-1/2"]
[WhiteElo "1494"]
[BlackElo "1286"]
[PlyCount "81"]
[EventDate "2023.04.16"]
[EventType "swiss"]
[EventRounds "9"]
[EventCountry "SVK"]
[SourceTitle "CBM 213 Extra"]
[Source "ChessBase"]
[SourceDate "2023.05.31"]
[SourceVersion "1"]
[SourceVersionDate "2023.05.31"]
[SourceQuality "1"]

1. c4 e5 2. Nc3 Bb4 3. d3 Nc6 4. Nf3 d6 5. g3 Nf6 6. Bg2 0-0 7. Bd2 Be6 8. 0-0 h6 9. Qb3 a5 10. a3 Bxc3 11. Bxc3 Ra7 12. Qc2 b6 13. Rfe1 Qd7 14. Qa4 Ne7 15. Qxd7 Bxd7 16. Nd2 Bc6 17. Bxc6 Nxc6 18. Kg2 Nd7 19. Ne4 f5 20. Nd2 g5 21. e3 f4 22. d4 fxe3 23. fxe3 Raa8 24. Rf1 Rxf1 25. Rxf1 Rf8 26. Rxf8+ Kxf8 27. Kf3 Kf7 28. h3 Kg6 29. Ne4 Nf6 30. dxe5 Nxe5+ 31. Bxe5 dxe5 32. Nxf6 Kxf6 33. e4 h5 34. Ke3 Ke6 35. b4 axb4 36. axb4 Kd6 37. Kd3 Kc6 38. Kc3 Kb7 39. Kb3 Ka6 40. Ka3 c6 41. Kb3 1/2-1/2

[Event "SVK-ch U14"]
[Site "Dudince"]
[Date "2023.04.17"]
[Round "3"]
[White "Papay, Aurel"]
[Black "Toth, Marton1111"]
[Result "0-1"]
[WhiteElo "1286"]
[BlackElo "1286"]
[PlyCount "87"]
[EventDate "2023.04.16"]
[EventType "swiss"]
[EventRounds "9"]
[EventCountry "SVK"]
[SourceTitle "CBM 213 Extra"]
[Source "ChessBase"]
[SourceDate "2023.05.31"]
[SourceVersion "1"]
[SourceVersionDate "2023.05.31"]
[SourceQuality "1"]

1. e4 c5 2. Nf3 d6 3. d4 cxd4 4. Nxd4 Nf6 5. Nc3 g6 6. Be3 Bg7 7. Bc4 0-0 8. f3 Nc6 9. Qd2 Re8 10. 0-0-0 Bd7 11. h4 Qc7 12. Bb3 a6 13. g4 h5 14. g5 Nh7 15. Nd5 Qd8 16. Nf4 Nxd4 17. Bxd4 e5 18. Bxe5 Bxe5 19. Nxg6 Be6 20. Bxe6 Rxe6 21. Nf4 Bxf4 22. Qxf4 Nf8 23. Qe3 Qe7 24. Rd4 Rd8 25. Re1 Ng6 26. Qf2 f5 27. Kd1 f4 28. Qh2 d5 29. Kc1 dxe4 30. Rdxe4 Rxe4 31. Rxe4 Qd6 32. Qe2 Kf7 33. c3 Nxh4 34. Qc4+ Kf8 35. Rd4 Qe7 36. Rxd8+ Qxd8 37. Qxf4+ Kg7 38. Qxh4 Kg6 39. f4 Qd5 40. Qh2 Qxa2 41. Qc2+ Kg7 42. f5 Qa1+ 43. Qb1 Qxb1+ 44. Kxb1 0-1

[Event "SVK-ch U14"]
[Site "Dudince"]
[Date "2023.04.16"]
[Round "1"]
[White "Papay, Aurel"]
[Black "Benci, Jozef1111"]
[Result "0-1"]
[WhiteElo "1286"]
[BlackElo "1659"]
[PlyCount "98"]
[EventDate "2023.04.16"]
[EventType "swiss"]
[EventRounds "9"]
[EventCountry "SVK"]
[SourceTitle "CBM 213 Extra"]
[Source "ChessBase"]
[SourceDate "2023.05.31"]
[SourceVersion "1"]
[SourceVersionDate "2023.05.31"]
[SourceQuality "1"]

1. e4 c5 2. Nf3 d6 3. d4 cxd4 4. Nxd4 Nf6 5. Nc3 g6 6. Bc4 Bg7 7. 0-0 0-0 8. Bg5 Nc6 9. Re1 Bd7 10. Qd2 Rc8 11. f3 Nxd4 12. Qxd4 Qa5 13. Be3 b6 14. Bd2 e5 15. Qd3 Qc5+ 16. Be3 Qxc4 17. Qxd6 Qe6 18. Qxe6 Bxe6 19. Rad1 Rfd8 20. a3 Kf8 21. Rd2 Rxd2 22. Bxd2 a6 23. Re3 Rd8 24. Rd3 Rxd3 25. cxd3 Ke8 26. Kf2 Bf8 27. Be3 Nd7 28. d4 exd4 29. Bxd4 Bc5 30. Bxc5 Nxc5 31. Ke3 Kd7 32. Kd4 f6 33. b4 Nb7 34. Ne2 Nd6 35. Nf4 Nb5+ 36. Kd3 Nxa3 37. Nxe6 Kxe6 38. Kc3 Nb5+ 39. Kc4 Ke5 40. g3 f5 41. exf5 Nd6+ 42. Kd3 Nxf5 43. f4+ Kd5 44. g4 Nd4 45. h4 Nf3 46. h5 gxh5 47. gxh5 Nh4 48. Kc3 Nf5 49. Kd3 Ng3 0-1

[Event "SVK-ch U12"]
[Site "Stara Lubovna"]
[Date "2022.05.28"]
[Round "9"]
[White "Bilik, Matej"]
[Black "Papay, Aurel"]
[Result "1-0"]
[WhiteElo "1553"]
[BlackElo "1000"]
[PlyCount "47"]
[EventDate "2022.05.21"]
[EventType "swiss"]
[EventRounds "9"]
[EventCountry "SVK"]
[SourceTitle "CBM 208 Extra"]
[Source "ChessBase"]
[SourceDate "2022.07.31"]
[SourceVersion "1"]
[SourceVersionDate "2022.07.31"]
[SourceQuality "1"]

1. e4 e5 2. Nf3 Nc6 3. Bb5 a6 4. Ba4 Nf6 5. Bxc6 dxc6 6. d3 Bg4 7. Nbd2 Bd6 8. Qe2 0-0 9. h3 Bxf3 10. Nxf3 h6 11. Bd2 Qe7 12. g4 Nh7 13. 0-0-0 f6 14. Rdg1 Ng5 15. h4 Nxf3 16. Qxf3 Qe6 17. Kb1 Bc5 18. Rg2 Kh8 19. Qg3 g5 20. hxg5 fxg5 21. Bxg5 Kg8 22. Rxh6 Qf7 23. Qxe5 Bxf2 24. Rh8# 1-0

[Event "SVK-ch U12"]
[Site "Stara Lubovna"]
[Date "2022.05.21"]
[Round "1"]
[White "Dvorak, Alfred"]
[Black "Papay, Aurel"]
[Result "0-1"]
[WhiteElo "1239"]
[BlackElo "1000"]
[PlyCount "46"]
[EventDate "2022.05.21"]
[EventType "swiss"]
[EventRounds "9"]
[EventCountry "SVK"]
[SourceTitle "CBM 208 Extra"]
[Source "ChessBase"]
[SourceDate "2022.07.31"]
[SourceVersion "1"]
[SourceVersionDate "2022.07.31"]
[SourceQuality "1"]

1. d4 d5 2. Nf3 Nc6 3. Bf4 Nf6 4. e3 a6 5. a3 Bf5 6. Bd3 Bg6 7. Bxg6 hxg6 8. Nbd2 e6 9. c3 Bd6 10. Bxd6 Qxd6 11. Qc2 0-0-0 12. h3 e5 13. dxe5 Nxe5 14. 0-0 Rde8 15. b4 Nxf3+ 16. Nxf3 Ne4 17. Rfd1 Rh5 18. c4 Qd7 19. g4 Rxh3 20. Nh2 Rxh2 21. Kf1 Qxg4 22. f3 Qxf3+ 23. Ke1 Rh1# 0-1

[Event "Liptovsky Jan Slovak op U2200"]
[Site "Liptovsky Jan"]
[Date "2021.06.20"]
[Round "7"]
[White "Stevik, Patrik"]
[Black "Papay, Aurel"]
[Result "1-0"]
[WhiteElo "1382"]
[BlackElo "1011"]
[PlyCount "131"]
[EventDate "2021.06.17"]
[EventType "swiss"]
[EventRounds "7"]
[EventCountry "SVK"]
[SourceTitle "CBM 203 Extra"]
[Source "ChessBase"]
[SourceDate "2021.09.30"]
[SourceVersion "1"]
[SourceVersionDate "2021.09.30"]
[SourceQuality "1"]

1. b3 e5 2. Bb2 Nc6 3. e3 a6 4. Nf3 Bd6 5. h3 Nf6 6. d4 exd4 7. Nxd4 Nxd4 8. Bxd4 Qe7 9. Bd3 Be5 10. c3 Bxd4 11. cxd4 d5 12. Nd2 0-0 13. 0-0 Bd7 14. Nf3 h6 15. Qc2 Ne4 16. Qxc7 Ra7 17. Rac1 Rc8 18. Qf4 Raa8 19. Ne5 Be6 20. Bxe4 dxe4 21. Qxe4 Rd8 22. Rc3 Qg5 23. Qf3 Bd5 24. Qg3 Qxg3 25. fxg3 Rac8 26. Rfc1 Rxc3 27. Rxc3 f6 28. Ng6 Kf7 29. Nf4 Bc6 30. Rc5 Re8 31. Kf2 Rc8 32. d5 Bd7 33. Rxc8 Bxc8 34. e4 Ke7 35. Ke3 g5 36. Nh5 f5 37. e5 Bd7 38. Kd4 b6 39. e6 Bxe6 40. dxe6 Kxe6 41. a4 a5 42. Ng7+ Kf6 43. Ne8+ Ke6 44. Nc7+ Kf6 45. Nd5+ Ke6 46. Nxb6 f4 47. g4 Kd6 48. Nc4+ Kc7 49. Nxa5 Kb6 50. Nc4+ Ka6 51. Kc5 f3 52. gxf3 Kb7 53. b4 Kb8 54. Kb6 Ka8 55. a5 Kb8 56. a6 h5 57. gxh5 Ka8 58. h6 Kb8 59. h7 Kc8 60. h8Q+ Kd7 61. Qh6 g4 62. hxg4 Kc8 63. a7 Kd7 64. a8Q Ke7 65. Qa7+ Ke8 66. Qh8# 1-0

[Event "Liptovsky Jan Slovak op U2200"]
[Site "Liptovsky Jan"]
[Date "2021.06.18"]
[Round "2"]
[White "Papay, Aurel"]
[Black "Koska, Jiri"]
[Result "0-1"]
[WhiteElo "1011"]
[BlackElo "1577"]
[PlyCount "98"]
[EventDate "2021.06.17"]
[EventType "swiss"]
[EventRounds "7"]
[EventCountry "SVK"]
[SourceTitle "CBM 203 Extra"]
[Source "ChessBase"]
[SourceDate "2021.09.30"]
[SourceVersion "1"]
[SourceVersionDate "2021.09.30"]
[SourceQuality "1"]

1. e4 c6 2. Nf3 d5 3. Nc3 Bg4 4. Be2 e6 5. Ne5 Bxe2 6. Qxe2 Bd6 7. Ng4 h5 8. Ne3 d4 9. Nb5 dxe3 10. Nxd6+ Qxd6 11. Qxe3 Nd7 12. 0-0 Qc5 13. Qxc5 Nxc5 14. d3 0-0-0 15. Rd1 b6 16. b4 Nxe4 17. Bb2 Nef6 18. Re1 Rd5 19. Rad1 b5 20. c4 bxc4 21. dxc4 Rxd1 22. Rxd1 Rh6 23. b5 Ne7 24. Ba3 Nfg8 25. Rd6 Kc7 26. Bb4 Rg6 27. a4 Rg5 28. h4 Rf5 29. Kf1 c5 30. Ra6 cxb4 31. Rxa7+ Kb8 32. Rd7 Rc5 33. b6 b3 34. Rd2 Rxc4 35. Rb2 Rxa4 36. Rxb3 Kb7 37. Ke2 Ra6 38. f4 Rxb6 39. Rxb6+ Kxb6 40. Kf3 Nh6 41. g3 Kc5 42. Ke4 Nef5 43. Kf3 Kd4 44. Kg2 Ke3 45. Kh3 Kf2 46. Kh2 Nd4 47. Kh3 Ne2 48. Kh2 Ng4+ 49. Kh3 Ng1# 0-1

[Event "Liptovsky Jan Slovak op U2200"]
[Site "Liptovsky Jan"]
[Date "2021.06.17"]
[Round "1"]
[White "Striskova, Lucia"]
[Black "Papay, Aurel"]
[Result "1-0"]
[WhiteElo "1775"]
[BlackElo "1011"]
[PlyCount "33"]
[EventDate "2021.06.17"]
[EventType "swiss"]
[EventRounds "7"]
[EventCountry "SVK"]
[SourceTitle "CBM 203 Extra"]
[Source "ChessBase"]
[SourceDate "2021.09.30"]
[SourceVersion "1"]
[SourceVersionDate "2021.09.30"]
[SourceQuality "1"]

1. Nf3 e5 2. e4 Nc6 3. d4 exd4 4. Nxd4 Bc5 5. Nb3 d6 6. Nxc5 dxc5 7. Qxd8+ Kxd8 8. Be3 Nf6 9. Nc3 b6 10. 0-0-0+ Ke7 11. Bg5 h6 12. Nd5+ Kd8 13. Nxf6+ Ke7 14. Nd5+ Ke6 15. Nxc7+ Ke5 16. Rd5+ Kxe4 17. f3# 1-0

[Event "SVK-ch U10"]
[Site "Lubovna"]
[Date "2020.08.20"]
[Round "7"]
[White "Papay, Aurel"]
[Black "Mrocek, Mikulas"]
[Result "1-0"]
[WhiteElo "1000"]
[BlackElo "1000"]
[PlyCount "25"]
[EventDate "2020.08.15"]
[EventType "swiss"]
[EventRounds "9"]
[EventCountry "SVK"]
[SourceTitle "EXT 2021"]
[Source "ChessBase"]
[SourceDate "2020.10.23"]
[SourceVersion "1"]
[SourceVersionDate "2020.10.23"]
[SourceQuality "1"]

1. e4 d6 2. Nf3 e6 3. d4 Be7 4. Nc3 Bd7 5. Bf4 a6 6. Bc4 Nh6 7. Qd3 Ng8 8. 0-0-0 h6 9. e5 dxe5 10. Nxe5 Bc6 11. Qg3 Nd7 12. Qxg7 Bf6 13. Qxf7# 1-0

[Event "SVK-ch U10"]
[Site "Lubovna"]
[Date "2020.08.18"]
[Round "5"]
[White "Papay, Aurel"]
[Black "Murin, Lukas"]
[Result "1-0"]
[WhiteElo "1000"]
[BlackElo "1000"]
[PlyCount "53"]
[EventDate "2020.08.15"]
[EventType "swiss"]
[EventRounds "9"]
[EventCountry "SVK"]
[SourceTitle "EXT 2021"]
[Source "ChessBase"]
[SourceDate "2020.10.23"]
[SourceVersion "1"]
[SourceVersionDate "2020.10.23"]
[SourceQuality "1"]

1. e4 e5 2. Nf3 Nc6 3. Bc4 Bc5 4. 0-0 Nf6 5. Nc3 0-0 6. d3 d6 7. h3 a5 8. Bg5 h6 9. Bxf6 Qxf6 10. Nd5 Qd8 11. Nh2 Re8 12. Ng4 Rb8 13. Qf3 b5 14. Ndf6+ Kf8 15. Nxe8 Qxe8 16. Bd5 h5 17. Ne3 Bxe3 18. fxe3 Be6 19. Bxe6 Qxe6 20. Qxh5 g6 21. Qh7 Ke7 22. Qg7 Rf8 23. Qh6 Rg8 24. Qg5+ Kf8 25. Qg4 Qxg4 26. hxg4 d5 27. exd5 1-0

[Event "SVK-ch U10"]
[Site "Liptovsky Mikulas"]
[Date "2019.04.29"]
[Round "8"]
[White "Papay, Aurel"]
[Black "Duda, Filip"]
[Result "1/2-1/2"]
[WhiteElo "1000"]
[BlackElo "1091"]
[PlyCount "51"]
[EventDate "2019.04.23"]
[EventType "swiss"]
[EventRounds "9"]
[EventCountry "SVK"]
[SourceTitle "CBM 190 Extra"]
[Source "ChessBase"]
[SourceDate "2019.07.15"]
[SourceVersion "1"]
[SourceVersionDate "2019.07.15"]
[SourceQuality "1"]

1. e4 Nf6 2. Nc3 Nc6 3. Nf3 e5 4. Bc4 Bc5 5. 0-0 0-0 6. d3 d6 7. h3 Be6 8. Bb3 Na5 9. Bxe6 fxe6 10. Bg5 h6 11. Bxf6 Rxf6 12. Qe1 d5 13. Nxe5 Qf8 14. Nf3 Qf7 15. Qe2 Rf8 16. Nh4 Rxf2 17. Rxf2 Bxf2+ 18. Kh1 Bc5 19. Rf1 Qxf1+ 20. Qxf1 Rxf1+ 21. Kh2 Bd6+ 22. e5 Bxe5+ 23. g3 Rf2+ 24. Ng2 d4 25. Ne4 Rf3 26. b3 1/2-1/2